00000000nam 2200000zi 4500
0019.952593
003CaOODSP
00520250826135929
006m     o  d f      
007cr cn|||||||||
008250623t20252025onca    o    f000 0 eng d
020 |a9780660779256
040 |aCaOODSP|beng|erda|cCaOODSP
043 |an-cn---
0861 |aA104-660/2025E-PDF
24500|aFood allergen labelling : |bindustry resource.
264 1|a[Ottawa] : |bCanadian Food Inspection Agency = Agence canadienne d'inspection des aliments, |c[2025]
264 4|c©2025
300 |a1 online resource (2 unnumbered pages) : |billustrations
336 |atext|btxt|2rdacontent
337 |acomputer|bc|2rdamedia
338 |aonline resource|bcr|2rdacarrier
500 |aCaption title.
500 |aIssued also in French under title: Étiquetage des allergènes alimentaires : ressource pour l'industrie.
520 |a"If you are selling or making a packaged food that contains any priority food allergens, gluten sources or added sulphites, then your product likely requires allergen labelling"--Page [1].
650 0|aFood allergy|zCanada.
650 0|aFood|xLabeling|xStandards|zCanada.
7102 |aCanadian Food Inspection Agency, |eissuing body.
77508|tÉtiquetage des allergènes alimentaires : |w(CaOODSP)9.952594
85640|qPDF|s231 KB|uhttps://publications.gc.ca/collections/collection_2025/acia-cfia/A104-660-2025-eng.pdf
8564 |qHTML|sN/A|uhttps://inspection.canada.ca/en/food-labels/labelling/industry/how-label-allergens